Pokemon from Gens 1-4 Not In Legends Arceus - Statistics

General Stats
  • This quiz has been taken 50 times
  • The average score is 236 of 280
Answer Stats
Answer % Correct
Arbok
100%
Beedrill
100%
Blastoise
100%
Bulbasaur
100%
Butterfree
100%
Caterpie
100%
Charizard
100%
Charmander
100%
Charmeleon
100%
Ekans
100%
Fearow
100%
Ivysaur
100%
Kakuna
100%
Metapod
100%
Pidgeot
100%
Pidgeotto
100%
Pidgey
100%
Raticate
100%
Rattata
100%
Spearow
100%
Squirtle
100%
Venusaur
100%
Wartortle
100%
Weedle
100%
Articuno
95%
Bellsprout
95%
Dragonair
95%
Dragonite
95%
Dratini
95%
Gloom
95%
Grimer
95%
Koffing
95%
Lapras
95%
Mankey
95%
Meowth
95%
Mew
95%
Mewtwo
95%
Moltres
95%
Muk
95%
Nidoking
95%
Nidoqueen
95%
Nidoran
95%
Nidorina
95%
Nidorino
95%
Oddish
95%
Persian
95%
Tauros
95%
Victreebel
95%
Vileplume
95%
Weepinbell
95%
Weezing
95%
Zapdos
95%
Ariados
90%
Bagon
90%
Bayleef
90%
Blaziken
90%
Celebi
90%
Chikorita
90%
Combusken
90%
Croconaw
90%
Entei
90%
Feraligatr
90%
Grovyle
90%
Ho-Oh
90%
Horsea
90%
Jirachi
90%
Kangaskhan
90%
Kingdra
90%
Kyogre
90%
Larvitar
90%
Ledian
90%
Ledyba
90%
Lugia
90%
Luvdisc
90%
Meganium
90%
Mudkip
90%
Omanyte
90%
Omastar
90%
Pinsir
90%
Poliwag
90%
Poliwhirl
90%
Poliwrath
90%
Primeape
90%
Pupitar
90%
Raikou
90%
Rayquaza
90%
Relicanth
90%
Salamence
90%
Sandshrew
90%
Sandslash
90%
Sceptile
90%
Seadra
90%
Spinarak
90%
Starmie
90%
Staryu
90%
Suicune
90%
Swampert
90%
Torchic
90%
Totodile
90%
Treecko
90%
Tyranitar
90%
Aerodactyl
86%
Anorith
86%
Bellossom
86%
Cradily
86%
Delcatty
86%
Deoxys
86%
Diglett
86%
Ditto
86%
Dugtrio
86%
Electrike
86%
Furret
86%
Groudon
86%
Hitmonchan
86%
Hitmonlee
86%
Hitmontop
86%
Hoppip
86%
Jigglypuff
86%
Jumpluff
86%
Kabuto
86%
Kabutops
86%
Kingler
86%
Krabby
86%
Latias
86%
Latios
86%
Lileep
86%
Manectric
86%
Marshtomp
86%
Miltank
86%
Pelipper
86%
Politoed
86%
Sableye
86%
Sentret
86%
Shelgon
86%
Skiploom
86%
Skitty
86%
Swellow
86%
Taillow
86%
Tyrogue
86%
Wailmer
86%
Wailord
86%
Wigglytuff
86%
Wingull
86%
Aggron
81%
Armaldo
81%
Aron
81%
Beldum
81%
Clamperl
81%
Cloyster
81%
Cubone
81%
Delibird
81%
Dodrio
81%
Doduo
81%
Farfetch'd
81%
Feebas
81%
Forretress
81%
Gorebyss
81%
Gulpin
81%
Hoothoot
81%
Huntail
81%
Illumise
81%
Jynx
81%
Kecleon
81%
Lairon
81%
Linoone
81%
Loudred
81%
Magcargo
81%
Marowak
81%
Mawile
81%
Metagross
81%
Metang
81%
Mightyena
81%
Milotic
81%
Minun
81%
Nincada
81%
Ninjask
81%
Noctowl
81%
Pineco
81%
Plusle
81%
Poochyena
81%
Regice
81%
Regirock
81%
Registeel
81%
Sharpedo
81%
Shedinja
81%
Shellder
81%
Skarmory
81%
Slaking
81%
Slakoth
81%
Slowbro
81%
Slowking
81%
Slowpoke
81%
Slugma
81%
Smeargle
81%
Swalot
81%
Vigoroth
81%
Volbeat
81%
Zigzagoon
81%
Absol
76%
Ampharos
76%
Azumarill
76%
Azurill
76%
Baltoy
76%
Banette
76%
Breloom
76%
Cacnea
76%
Cacturne
76%
Carvanha
76%
Castform
76%
Chinchou
76%
Claydol
76%
Corphish
76%
Crawdaunt
76%
Dewgong
76%
Donphan
76%
Drowzee
76%
Dunsparce
76%
Exploud
76%
Flaaffy
76%
Flygon
76%
Goldeen
76%
Hypno
76%
Lanturn
76%
Lombre
76%
Lotad
76%
Ludicolo
76%
Mareep
76%
Marill
76%
Medicham
76%
Meditite
76%
Nuzleaf
76%
Phanpy
76%
Seaking
76%
Seedot
76%
Seel
76%
Seviper
76%
Shiftry
76%
Shroomish
76%
Shuppet
76%
Sunflora
76%
Sunkern
76%
Trapinch
76%
Venomoth
76%
Venonat
76%
Vibrava
76%
Whismur
76%
Zangoose
76%
Exeggcute
71%
Exeggutor
71%
Grumpig
71%
Houndoom
71%
Houndour
71%
Igglybuff
71%
Lunatone
71%
Natu
71%
Quagsire
71%
Smoochum
71%
Solrock
71%
Spinda
71%
Spoink
71%
Torkoal
71%
Tropius
71%
Wobbuffet
71%
Wooper
71%
Wynaut
71%
Xatu
71%
Camerupt
67%
Corsola
67%
Hariyama
67%
Makuhita
67%
Masquerain
67%
Numel
67%
Surskit
67%
Girafarig
62%
Shuckle
62%
Altaria
57%
Granbull
57%
Snubbull
57%
Swablu
57%
No matching quizzes found
Score Distribution
Percent of People with Each Score
Percentile by Number Answered
Your Score History
You have not taken this quiz